Music Quiz

Random Music or Bands Quiz

Bands by Member - '60s Edition Quiz Stats

 Plays Quiz Updated Jun 21, 2019

Score 0/26 Timer 08:00
1 Play Today
Members Band % Correct
Eric Clapton, Ginger Baker, Jack Bruce Cream
81.7%
Diana Ross, Florence Ballard, Mary Wilson The Supremes
78.3%
Carl Wilson, Mike Love, Dennis Wilson The Beach Boys
74.2%
Stu Sutcliffe, George Harrison, Pete Best The Beatles
70%
Mitch Mitchell, Jimi Hendrix, Noel ReddingThe Jimi Hendrix Experience
67.9%
Brian Jones, Mick Taylor, Bill Wyman The Rolling Stones
64.6%
Mike Nesmith, Peter Tork, Micky Dolenz The Monkees
63.5%
Frankie Valli, Tommy DeVito, Bob Gaudio The Four Seasons
63.2%
Peter Yarrow, Mary Travers, Paul Stookey Peter, Paul and Mary
58.6%
Michelle Phillips, Denny Doherty, John Phillips The Mamas and the Papas
57.8%
Paul Kantner, Jorma Kaukonen, Grace Slick The Jefferson Airplane
57.7%
Doug Clifford, Tom Fogerty, Stu Cook Creedence Clearwater Revival
50.5%
Hilton Valentine, Eric Burdon, Chas Chandler The Animals
48.3%
Members Band % Correct
Paul Samwell-Smith, Keith Relf, Eric Clapton The Yardbirds
45.7%
Jim Messina, Neil Young, Stephen Stills Buffalo Springfield
39.7%
Roger McGuinn, Gene Clark, David Crosby The Byrds
37.7%
Levon Helm, Richard Manuel, Rick Danko The Band
33.2%
David Ruffin, Eddie Kendricks, Otis Williams The Temptations
30.6%
Steve Boone, Zal Yanovsky, John Sebastian The Lovin' Spoonful
27.5%
Allan Clarke, Graham Nash, Terry Sylvester The Hollies
26.7%
Chad Allan, Randy Bachman, Burton Cummings The Guess Who
25.4%
Steve Marriott, Ronnie Lane, Kenney Jones The Small Faces
18.9%
Shirley Owens, Doris Coley, Beverly Lee The Shirelles
14.5%
Felix Cavaliere, Eddie Brigati, Gene Cornish The Rascals
13.5%
Mark Volman, Chip Douglas, Howard Kaylan The Turtles
9.2%
Ron Bushy, Doug Ingle, Erik Brann Iron Butterfly
5.8%

You're not logged in!

Compare scores with friends on all Sporcle quizzes.
OR
Log In

Sporcle TV

Today on Sporcle TV


Watch our educational content, quiz creation guides, and fun videos on Sporcle TV.

Show Comments

Extras

Top Quizzes Today


Score Distribution

Your Account Isn't Verified!

In order to create a playlist on Sporcle, you need to verify the email address you used during registration. Go to your Sporcle Settings to finish the process.

Report this User

Report this user for behavior that violates our Community Guidelines.

Details: